000
00184nam a2200085 4500
001
1255378
005
20251209143054.0
245
_a
HZ. EBUBEKİR
_c
MİTHAT BALA
260
_b
HAYAT YAYINLARI
999
_c
1255378
_d
1255378